00650nam a2200193Ia 4500008004100000020001500041082001600056100003600072245004400108250000700152260003500159300002900194500001900223600002100242650005000263942000700313952012100320999001500441240925s9999 xx 000 0 und d a002388620X a005.133 NYH aNyhoff, Larry; Leestma, Sanford 0aFortran 77 for Engineers and Scientists aNA aToronto:bMc Graw-Hillc,1985. axxii,394p.bNAfOriginal aIncludes Index aComputer Science aComputer science, information & general works cBK 001040708CSaUITUbUITUd1997-11-18eUIT Fruit Canadal0o005.133 NYHpQ1154r2024-09-25 07:12:20w2024-09-25yBK c3653d3653